[Event "Santiago Endesa"]
[Site "Santiago de Chile"]
[Date "2007.10.14"]
[Round "9"]
[White "Hellsten, Johan"]
[Black "Flores Rios, Mauricio"]
[Result "1-0"]
[WhiteElo "2534"]
[BlackElo "2417"]
[PlyCount "99"]
[EventDate "2007.10.08"]
[EventType "tourn"]
[EventRounds "9"]
[EventCountry "CHI"]
[EventCategory "7"]
[SourceTitle "CBM 120 Extra"]
[Source "ChessBase"]
[SourceDate "2007.11.01"]
[SourceVersion "1"]
[SourceVersionDate "2007.11.01"]
[SourceQuality "1"]

1. d4 Nf6 2. c4 g6 3. Nc3 Bg7 4. e4 d6 5. Bg5 0-0 6. Qd2 c5 7. d5 a6 8. a4 e6 9. Nge2 exd5 10. cxd5 Nbd7 11. Ng3 Qa5 12. Be2 Re8 13. 0-0 h5 14. f3 Nh7 15. Bh6 Bh8 16. Nh1 c4 17. Nf2 Nc5 18. Bxc4 Bd7 19. Nd3 Bxc3 20. bxc3 Nxa4 21. Be3 Qxc3 22. Qa2 Rec8 23. Rac1 Qg7 24. Qf2 Nc3 25. Nb2 Na4 26. Bd4 Qf8 27. Nd3 Rc7 28. Bb3 Rac8 29. Rxc7 Rxc7 30. e5 Rc8 31. e6 Bb5 32. Bxa4 Bxa4 33. Nf4 Be8 34. Nxh5 Qh6 35. Ng3 Qg5 36. exf7+ Bxf7 37. Ne4 Qxd5 38. Ba1 b5 39. Qb2 Qe5 40. Qa3 Qe7 41. Qxa6 Rb8 42. Re1 Kf8 43. Bc3 Qc7 44. Bb4 Qb6+ 45. Qxb6 Rxb6 46. Nxd6 Kg8 47. Re7 Bc4 48. Re8+ Kg7 49. Bc3+ Kh6 50. Nxc4 1-0

[Event "Santiago Endesa"]
[Site "Santiago de Chile"]
[Date "2007.10.08"]
[Round "1"]
[White "Valiente, Cristobal"]
[Black "Hellsten, Johan"]
[Result "0-1"]
[WhiteElo "2275"]
[BlackElo "2534"]
[PlyCount "72"]
[EventDate "2007.10.08"]
[EventType "tourn"]
[EventRounds "9"]
[EventCountry "CHI"]
[EventCategory "7"]
[SourceTitle "CBM 120 Extra"]
[Source "ChessBase"]
[SourceDate "2007.11.01"]
[SourceVersion "1"]
[SourceVersionDate "2007.11.01"]
[SourceQuality "1"]

1. c4 e5 2. Nc3 Nf6 3. Nf3 Nc6 4. g3 Bc5 5. Bg2 d6 6. 0-0 a6 7. d3 h6 8. a3 0-0 9. b4 Ba7 10. e3 Be6 11. h3 Qd7 12. Kh2 Ne7 13. Qe2 Ng6 14. d4 exd4 15. Nxd4 Bxd4 16. exd4 Rae8 17. Be3 d5 18. c5 Ne4 19. Nxe4 dxe4 20. h4 Bg4 21. f3 exf3 22. Bxf3 Bxf3 23. Qxf3 Ne7 24. Rae1 Nd5 25. Bf4 c6 26. Bd6 Rxe1 27. Rxe1 Re8 28. Re5 Rxe5 29. dxe5 Qe6 30. Kg1 Qg6 31. Qb3 Qe4 32. Kf2 Qd4+ 33. Kg2 Qd2+ 34. Kf3 h5 35. e6 fxe6 36. Be5 Qe1 0-1

[Event "Santiago Endesa 1st"]
[Site "Santiago de Chile"]
[Date "2006.11.24"]
[Round "9"]
[White "Alonso, Salvador"]
[Black "Hellsten, Johan"]
[Result "1/2-1/2"]
[WhiteElo "2434"]
[BlackElo "2592"]
[PlyCount "37"]
[EventDate "2006.11.17"]
[EventType "tourn"]
[EventRounds "9"]
[EventCountry "CHI"]
[EventCategory "8"]
[SourceTitle "CBM 115 Extra"]
[Source "ChessBase"]
[SourceDate "2007.01.10"]
[SourceVersion "1"]
[SourceVersionDate "2007.01.10"]
[SourceQuality "1"]

1. e4 c5 2. Nf3 e6 3. d4 cxd4 4. Nxd4 a6 5. Nc3 Qc7 6. Bd3 Nf6 7. 0-0 d6 8. f4 b5 9. Qe2 Bb7 10. a3 Nbd7 11. Kh1 Be7 12. Bd2 Nc5 13. Rac1 0-0 14. b4 Nxd3 15. cxd3 Qd7 16. g4 Rac8 17. g5 Ne8 18. f5 exf5 19. Nxf5 1/2-1/2

[Event "Santiago Endesa 1st"]
[Site "Santiago de Chile"]
[Date "2006.11.20"]
[Round "5"]
[White "Hellsten, Johan"]
[Black "Rojas Keim, Luis Alberto"]
[Result "0-1"]
[WhiteElo "2592"]
[BlackElo "2430"]
[PlyCount "76"]
[EventDate "2006.11.17"]
[EventType "tourn"]
[EventRounds "9"]
[EventCountry "CHI"]
[EventCategory "8"]
[SourceTitle "CBM 115 Extra"]
[Source "ChessBase"]
[SourceDate "2007.01.10"]
[SourceVersion "1"]
[SourceVersionDate "2007.01.10"]
[SourceQuality "1"]

1. d4 d5 2. c4 Nc6 3. Nf3 Bg4 4. Nc3 e6 5. Bg5 Be7 6. Bxe7 Ngxe7 7. e3 0-0 8. Bd3 h6 9. cxd5 Nxd5 10. Be4 Nce7 11. Qb3 Qd6 12. Ne5 Bf5 13. Bxd5 exd5 14. 0-0 c6 15. Rfc1 b6 16. Ne2 c5 17. Qa3 Rfd8 18. b3 Rac8 19. Nc3 a5 20. Qb2 Nc6 21. Nxc6 Rxc6 22. dxc5 bxc5 23. Rd1 Qf6 24. Rac1 d4 25. Na4 Rd5 26. Qe2 d3 27. Qf3 Qe6 28. Nc3 Rd8 29. Rd2 c4 30. e4 cxb3 31. exf5 Rxc3 32. fxe6 Rxc1+ 33. Rd1 b2 34. e7 Re8 35. Qxd3 Rxe7 36. Qd8+ Kh7 37. Qd3+ g6 38. Kf1 Rb7 0-1

[Event "Santiago Endesa 1st"]
[Site "Santiago de Chile"]
[Date "2006.11.18"]
[Round "2"]
[White "Ricardi, Pablo"]
[Black "Hellsten, Johan"]
[Result "1-0"]
[WhiteElo "2504"]
[BlackElo "2592"]
[PlyCount "57"]
[EventDate "2006.11.17"]
[EventType "tourn"]
[EventRounds "9"]
[EventCountry "CHI"]
[EventCategory "8"]
[SourceTitle "CBM 115 Extra"]
[Source "ChessBase"]
[SourceDate "2007.01.10"]
[SourceVersion "1"]
[SourceVersionDate "2007.01.10"]
[SourceQuality "1"]

1. d4 Nf6 2. c4 e6 3. g3 d5 4. Bg2 dxc4 5. Nf3 a6 6. 0-0 Nc6 7. Nc3 Bb4 8. e4 Bxc3 9. bxc3 Nxe4 10. Ne5 Nxe5 11. Bxe4 Nd7 12. Ba3 Nf6 13. Bg2 Nd5 14. Qg4 Qf6 15. Qe2 Nxc3 16. Qxc4 Nb5 17. Bb4 Qxd4 18. Bc6+ Bd7 19. Bxb5 Qxc4 20. Bxc4 0-0-0 21. Rfc1 Ba4 22. Bc3 Rhg8 23. Rab1 h5 24. h4 Rd7 25. Be2 g6 26. Bf3 c6 27. Rb4 Bb5 28. a4 a5 29. Rxb5 1-0

[Event "Corporacion del Sur-A"]
[Site "Buenos Aires"]
[Date "2006.10.13"]
[Round "11"]
[White "Ricardi, Pablo"]
[Black "Hellsten, Johan"]
[Result "1/2-1/2"]
[WhiteElo "2504"]
[BlackElo "2592"]
[PlyCount "25"]
[EventDate "2006.10.02"]
[EventType "tourn"]
[EventRounds "11"]
[EventCountry "ARG"]
[EventCategory "10"]
[SourceTitle "CBM 114 Extra"]
[Source "ChessBase"]
[SourceDate "2006.11.03"]
[SourceVersion "1"]
[SourceVersionDate "2006.11.03"]
[SourceQuality "1"]

1. d4 Nf6 2. c4 e6 3. Nf3 b6 4. e3 Ba6 5. b3 Bb7 6. Be2 Bb4+ 7. Bd2 a5 8. 0-0 0-0 9. Nc3 d6 10. Qc2 Nbd7 11. Rad1 Bxc3 12. Bxc3 Be4 13. Qb2 1/2-1/2

[Event "Corporacion del Sur-A"]
[Site "Buenos Aires"]
[Date "2006.10.09"]
[Round "7"]
[White "Cubas, Jose Fernando"]
[Black "Hellsten, Johan"]
[Result "1-0"]
[WhiteElo "2426"]
[BlackElo "2592"]
[PlyCount "81"]
[EventDate "2006.10.02"]
[EventType "tourn"]
[EventRounds "11"]
[EventCountry "ARG"]
[EventCategory "10"]
[SourceTitle "CBM 114 Extra"]
[Source "ChessBase"]
[SourceDate "2006.11.03"]
[SourceVersion "1"]
[SourceVersionDate "2006.11.03"]
[SourceQuality "1"]

1. e4 c5 2. Nf3 e6 3. d4 cxd4 4. Nxd4 a6 5. Nc3 Qc7 6. Bd3 Nf6 7. 0-0 d6 8. a4 b6 9. f4 Bb7 10. Qf3 Nbd7 11. Bd2 Be7 12. Rae1 Nc5 13. b4 Nxd3 14. cxd3 0-0 15. g4 Nd7 16. Rc1 Qd8 17. Nce2 Rc8 18. g5 Rxc1 19. Rxc1 g6 20. h4 e5 21. Nc6 Bxc6 22. Rxc6 exf4 23. d4 Re8 24. Nxf4 Nb8 25. Rc1 Bf8 26. Nd5 Bg7 27. Rc7 Rf8 28. Qf4 Bxd4+ 29. Be3 Be5 30. Qg4 b5 31. a5 Qe8 32. Ne7+ Kh8 33. Bf4 Bd4+ 34. Kg2 Qd8 35. Nd5 Bg7 36. Bd2 f5 37. gxf6 Bxf6 38. Bh6 Rg8 39. Qe6 Be5 40. Qf7 Bg7 41. Bxg7+ 1-0

[Event "SWE-ch"]
[Site "Gothenburg"]
[Date "2006.07.03"]
[Round "3"]
[White "Ernst, Thomas"]
[Black "Hellsten, Johan"]
[Result "1/2-1/2"]
[WhiteElo "2456"]
[BlackElo "2570"]
[PlyCount "58"]
[EventDate "2006.07.01"]
[EventType "tourn"]
[EventRounds "13"]
[EventCountry "SWE"]
[EventCategory "10"]
[SourceTitle "CBM 113 Extra"]
[Source "ChessBase"]
[SourceDate "2006.09.14"]
[SourceVersion "1"]
[SourceVersionDate "2006.09.14"]
[SourceQuality "1"]

1. e4 c5 2. Nf3 e6 3. d4 cxd4 4. Nxd4 a6 5. Bd3 Nf6 6. 0-0 d6 7. c4 b6 8. Nc3 Bb7 9. f4 Nbd7 10. Qe2 g6 11. f5 Qe7 12. fxe6 fxe6 13. Bg5 Bg7 14. Nf3 0-0 15. Rad1 h6 16. Bh4 g5 17. Bf2 Ng4 18. Bg3 Nge5 19. Nxe5 Nxe5 20. Rxf8+ Rxf8 21. Bc2 Bc6 22. Bb3 Kh8 23. Qd2 Rd8 24. Bf2 b5 25. cxb5 axb5 26. a3 Ng6 27. Bd4 Ne5 28. Bf2 Ng4 29. Bd4 Ne5 1/2-1/2

[Event "Olympiad-37"]
[Site "Turin"]
[Date "2006.05.31"]
[Round "10"]
[White "Smirin, Ilia"]
[Black "Hellsten, Johan"]
[Result "1-0"]
[WhiteElo "2662"]
[BlackElo "2564"]
[PlyCount "109"]
[EventDate "2006.05.21"]
[EventType "team-swiss"]
[EventRounds "13"]
[EventCountry "ITA"]
[SourceTitle "CBM 113"]
[Source "ChessBase"]
[SourceDate "2006.07.31"]
[SourceVersion "1"]
[SourceVersionDate "2006.07.31"]
[SourceQuality "1"]
[WhiteTeam "Israel"]
[BlackTeam "Sweden"]
[WhiteTeamCountry "ISR"]
[BlackTeamCountry "SWE"]

1. e4 c5 2. Nf3 e6 3. d4 cxd4 4. Nxd4 a6 5. Bd3 Nf6 6. 0-0 d6 7. c4 b6 8. Nc3 Bb7 9. f4 Nbd7 10. Qe2 g6 11. f5 Qe7 12. fxe6 fxe6 13. Bg5 Bg7 14. Nf3 0-0 15. Rad1 h6 16. Bh4 g5 17. Bf2 Ng4 18. Bg3 Nge5 19. Nxe5 Bxe5 20. Bxe5 Nxe5 21. Qe3 Qc7 22. Be2 Rxf1+ 23. Rxf1 Rf8 24. Rxf8+ Kxf8 25. Qh3 Kg7 26. Qxe6 Qd8 27. Qh3 Qf6 28. Qe3 Nd7 29. b4 a5 30. a3 axb4 31. axb4 Qe5 32. h3 Bc6 33. Bg4 Nf6 34. Bf5 Be8 35. Ne2 Bf7 36. Qxb6 Bxc4 37. Nd4 Bf7 38. b5 Qf4 39. Nf3 Qc1+ 40. Kh2 Qf4+ 41. Kh1 Nh5 42. Qd4+ Kg8 43. Qd2 Bc4 44. Qxf4 Nxf4 45. Nd4 Nd3 46. b6 Nc5 47. Bc8 Ba6 48. Bxa6 Nxa6 49. b7 Nb8 50. Nf5 h5 51. Nxd6 Kf8 52. e5 Ke7 53. Ne4 Ke6 54. Nxg5+ Kxe5 55. Kh2 1-0

[Event "Olympiad-37"]
[Site "Turin"]
[Date "2006.05.25"]
[Round "5"]
[White "Hellsten, Johan"]
[Black "Vallejo Pons, Francisco"]
[Result "1-0"]
[WhiteElo "2564"]
[BlackElo "2666"]
[PlyCount "93"]
[EventDate "2006.05.21"]
[EventType "team-swiss"]
[EventRounds "13"]
[EventCountry "ITA"]
[SourceTitle "CBM 113"]
[Source "ChessBase"]
[SourceDate "2006.07.31"]
[SourceVersion "1"]
[SourceVersionDate "2006.07.31"]
[SourceQuality "1"]
[WhiteTeam "Sweden"]
[BlackTeam "Spain"]
[WhiteTeamCountry "SWE"]
[BlackTeamCountry "ESP"]

1. d4 e6 2. c4 d5 3. Nc3 c6 4. e4 dxe4 5. Nxe4 Bb4+ 6. Bd2 Qxd4 7. Bxb4 Qxe4+ 8. Be2 Na6 9. Bd6 Qxg2 10. Qd2 Nf6 11. Bf3 Qg6 12. Ne2 e5 13. 0-0-0 Bg4 14. Rhg1 0-0-0 15. Qe3 h5 16. h3 Rxd6 17. Rxd6 Nb4 18. Bxg4+ hxg4 19. Qb3 Qe4 20. Qxb4 Qxe2 21. Rd2 Qe4 22. hxg4 Qf4 23. Kb1 Ne4 24. Rc2 Rd8 25. a3 Nd2+ 26. Ka2 Nf3 27. Rg3 Nd4 28. Rd2 Rd7 29. Rgd3 Qxg4 30. Qf8+ Kc7 31. Qc5 Qe6 32. f4 f6 33. fxe5 b6 34. Qf8 fxe5 35. Qa8 Qxc4+ 36. b3 Qa6 37. Qe8 Qb5 38. Re3 c5 39. Qxe5+ Kb7 40. Qe8 Ka6 41. Qc8+ Ka5 42. Rc3 Rf7 43. b4+ Ka4 44. bxc5 bxc5 45. Rb2 Qc6 46. Rc4+ Ka5 47. Rxc5+ 1-0

[Event "Santiago Entel Cup 3rd"]
[Site "Santiago de Chile"]
[Date "2006.03.28"]
[Round "10.1"]
[White "Zambrana, Oswaldo"]
[Black "Hellsten, Johan"]
[Result "1/2-1/2"]
[WhiteElo "2405"]
[BlackElo "2574"]
[PlyCount "88"]
[EventDate "2006.03.22"]
[EventType "tourn"]
[EventRounds "11"]
[EventCountry "CHI"]
[EventCategory "10"]
[SourceTitle "CBM 111 Extra"]
[Source "ChessBase"]
[SourceDate "2006.05.09"]
[SourceVersion "1"]
[SourceVersionDate "2006.05.09"]
[SourceQuality "1"]

1. e4 c5 2. Nf3 e6 3. d4 cxd4 4. Nxd4 a6 5. c4 Bc5 6. Nc3 d6 7. a3 Ne7 8. Be3 0-0 9. b4 Ba7 10. Be2 e5 11. Nc2 Be6 12. Qd3 Bxe3 13. fxe3 Nc8 14. Rd1 Qh4+ 15. g3 Qh3 16. Bf1 Qh6 17. Be2 Nb6 18. Qxd6 Nxc4 19. Bxc4 Bxc4 20. Qxh6 gxh6 21. Nd5 Nc6 22. Nb6 Bb3 23. Nxa8 Bxc2 24. Nb6 Bxd1 25. Kxd1 f5 26. exf5 Rxf5 27. Ke2 e4 28. Rd1 a5 29. Rd5 Rxd5 30. Nxd5 axb4 31. axb4 Kf7 32. b5 Na7 33. Nc3 b6 34. Kd2 Ke6 35. Kc2 h5 36. Kb3 Ke5 37. Kb4 Nc8 38. Na4 Kd5 39. Nb2 Nd6 40. Na4 Nc8 41. Kc3 Ke5 42. Kc4 Nd6+ 43. Kb4 Nc8 44. Kc4 Nd6+ 1/2-1/2

[Event "Santiago Entel Cup 2nd"]
[Site "Santiago de Chile"]
[Date "2005.03.21"]
[Round "12"]
[White "Hellsten, Johan"]
[Black "Rojas Keim, Luis Alberto"]
[Result "1-0"]
[WhiteElo "2554"]
[BlackElo "2379"]
[PlyCount "45"]
[EventDate "2005.03.15"]
[EventType "tourn"]
[EventRounds "13"]
[EventCountry "CHI"]
[EventCategory "9"]
[SourceTitle "CBM 106"]
[Source "ChessBase"]
[SourceDate "2005.06.06"]
[SourceVersion "1"]
[SourceVersionDate "2005.06.06"]
[SourceQuality "1"]

1. d4 Nf6 2. c4 g6 3. Nc3 d5 4. Bg5 Ne4 5. Bh4 Nxc3 6. bxc3 Bg7 7. cxd5 Qxd5 8. e3 c5 9. Qf3 Qd7 10. Bc4 0-0 11. Ne2 cxd4 12. exd4 Nc6 13. 0-0 b6 14. Bb5 Ne5 15. dxe5 Qxb5 16. Qxa8 Bg4 17. Qxa7 Bxe2 18. Rfe1 Bxe5 19. Rab1 Qc4 20. Qxe7 f6 21. Bxf6 Rxf6 22. Qxe5 Re6 23. Qd4 1-0

[Event "Santiago Entel Cup 2nd"]
[Site "Santiago de Chile"]
[Date "2005.03.18"]
[Round "8"]
[White "Hellsten, Johan"]
[Black "Leitao, Rafael Duailibe"]
[Result "1/2-1/2"]
[WhiteElo "2554"]
[BlackElo "2580"]
[PlyCount "41"]
[EventDate "2005.03.15"]
[EventType "tourn"]
[EventRounds "13"]
[EventCountry "CHI"]
[EventCategory "9"]
[SourceTitle "CBM 106"]
[Source "ChessBase"]
[SourceDate "2005.06.06"]
[SourceVersion "1"]
[SourceVersionDate "2005.06.06"]
[SourceQuality "1"]

1. d4 Nf6 2. c4 e6 3. Nc3 Bb4 4. e3 b6 5. Nge2 Ba6 6. a3 Bxc3+ 7. Nxc3 d5 8. Qf3 0-0 9. cxd5 exd5 10. Bxa6 Nxa6 11. 0-0 c6 12. Bd2 Nc7 13. Rad1 Qd7 14. Qe2 Rfe8 15. f3 Qe7 16. Qf2 c5 17. Ne2 Ne6 18. Bc3 Nc7 19. Bd2 Ne6 20. Bc3 Nc7 21. Bd2 1/2-1/2

[Event "Salinas Olympic Fest 3rd"]
[Site "Salinas"]
[Date "2005.02.22"]
[Round "8"]
[White "Medina, Miguel"]
[Black "Hellsten, Johan"]
[Result "1/2-1/2"]
[WhiteElo "2440"]
[BlackElo "2554"]
[PlyCount "143"]
[EventDate "2005.02.17"]
[EventType "tourn"]
[EventRounds "9"]
[EventCountry "ECU"]
[EventCategory "8"]
[SourceTitle "CBM 104 Extra"]
[Source "ChessBase"]
[SourceDate "2005.03.01"]
[SourceVersion "1"]
[SourceVersionDate "2005.03.01"]
[SourceQuality "1"]

1. c4 e5 2. g3 Nf6 3. Bg2 Nc6 4. Nc3 Bc5 5. a3 a6 6. e3 0-0 7. Nge2 d6 8. d4 Ba7 9. h3 exd4 10. exd4 Re8 11. 0-0 h6 12. Be3 Ne7 13. g4 h5 14. f3 c6 15. Qd2 b5 16. b3 bxc4 17. bxc4 a5 18. Bg5 Nh7 19. Bh4 Ba6 20. Qa2 Qd7 21. Bf2 Qe6 22. d5 cxd5 23. cxd5 Qd7 24. Qd2 Nf6 25. Rfe1 Rac8 26. Bf1 Bxf2+ 27. Kxf2 Qa7+ 28. Kg2 Qc5 29. Rac1 Nexd5 30. Nxd5 Qxd5 31. Qxd5 Nxd5 32. Kf2 Rxc1 33. Rxc1 Ne3 34. Ng3 Nxf1 35. Nxf1 hxg4 36. hxg4 Re2+ 37. Kg3 Ra2 38. Ne3 Rxa3 39. Nf5 Bb7 40. Nxd6 Rxf3+ 41. Kh4 Bd5 42. Rc5 Be6 43. Rxa5 f6 44. Ra4 Kh7 45. Ne4 Rf4 46. Nc5 Rxa4 47. Nxa4 Kg6 48. Nc5 Bc8 49. Nd3 Ba6 50. Nf4+ Kh6 51. Ne6 g5+ 52. Kg3 Be2 53. Nd4 Bd1 54. Nf5+ Kg6 55. Nd6 Kg7 56. Nf5+ Kf7 57. Ne3 Be2 58. Nf5 Bd3 59. Nd4 Ke7 60. Nf3 Kd6 61. Ng1 Ke5 62. Nf3+ Kd5 63. Ng1 Ke4 64. Nf3 Ke3 65. Ng1 Bf1 66. Nf3 Be2 67. Ng1 Bd1 68. Nh3 Ke2 69. Nf4+ gxf4+ 70. Kxf4 Bc2 71. g5 fxg5+ 72. Kxg5 1/2-1/2

[Event "Salinas Olympic Fest 3rd"]
[Site "Salinas"]
[Date "2005.02.21"]
[Round "7"]
[White "Hellsten, Johan"]
[Black "Granda Zuniga, Julio E"]
[Result "1/2-1/2"]
[WhiteElo "2554"]
[BlackElo "2599"]
[PlyCount "83"]
[EventDate "2005.02.17"]
[EventType "tourn"]
[EventRounds "9"]
[EventCountry "ECU"]
[EventCategory "8"]
[SourceTitle "CBM 104 Extra"]
[Source "ChessBase"]
[SourceDate "2005.03.01"]
[SourceVersion "1"]
[SourceVersionDate "2005.03.01"]
[SourceQuality "1"]

1. d4 d5 2. c4 c6 3. Nf3 Nf6 4. Qb3 e6 5. Bg5 dxc4 6. Qxc4 Be7 7. Nbd2 b6 8. e4 Ba6 9. Qc2 Bxf1 10. Nxf1 h6 11. Bxf6 Bxf6 12. 0-0-0 Qc7 13. Ne3 Na6 14. Kb1 0-0 15. e5 Be7 16. Qe4 Rfd8 17. h4 g6 18. h5 g5 19. Nh2 Nb4 20. Nhg4 Kg7 21. Qf3 Rh8 22. a3 Nd5 23. Nxd5 cxd5 24. Rc1 Qb7 25. Rc3 a5 26. Rhc1 Ra7 27. Qd3 b5 28. Rc6 Bd8 29. R6c5 a4 30. Rxb5 Qa6 31. Rc3 Be7 32. g3 Rc8 33. Nf6 Bxf6 34. exf6+ Kxf6 35. Rxc8 Qxc8 36. Rc5 Qh8 37. Ka2 Kg7 38. Qe2 Qb8 39. Rb5 Rb7 40. Ra5 Ra7 41. Rb5 Rb7 42. Ra5 1/2-1/2

[Event "Salinas Olympic Fest 3rd"]
[Site "Salinas"]
[Date "2005.02.19"]
[Round "4"]
[White "Munoz Sanchez, Miguel Angel"]
[Black "Hellsten, Johan"]
[Result "0-1"]
[WhiteElo "2388"]
[BlackElo "2554"]
[PlyCount "62"]
[EventDate "2005.02.17"]
[EventType "tourn"]
[EventRounds "9"]
[EventCountry "ECU"]
[EventCategory "8"]
[SourceTitle "CBM 104 Extra"]
[Source "ChessBase"]
[SourceDate "2005.03.01"]
[SourceVersion "1"]
[SourceVersionDate "2005.03.01"]
[SourceQuality "1"]

1. e4 c5 2. Nf3 e6 3. d4 cxd4 4. Nxd4 a6 5. Bd3 Bc5 6. Nb3 Be7 7. 0-0 d6 8. Nc3 Qc7 9. Qe2 Nd7 10. f4 b5 11. a3 Bb7 12. Bd2 Ngf6 13. Rae1 e5 14. Nd1 Rc8 15. Na5 Ba8 16. c4 Nc5 17. cxb5 Nxd3 18. Qxd3 Qb6+ 19. Kh1 Qxb5 20. Qxb5+ axb5 21. Nc3 0-0 22. fxe5 dxe5 23. Rf5 b4 24. axb4 Bxb4 25. Rxe5 Rfd8 26. Nb3 Rb8 27. Rb1 Bxc3 28. bxc3 Bxe4 29. Rb2 Bd5 30. c4 Bxc4 31. Re3 h6 0-1